[Event "GER-chT Youth Countries 2018"]
[Site "Wurzburg"]
[Date "2018.10.07"]
[Round "7"]
[White "Karsay, Pascal"]
[Black "Weller, Uli"]
[Result "1-0"]
[WhiteElo "2261"]
[BlackElo "2123"]
[Annotator "NA"]
[PlyCount "59"]
[EventDate "2018.10.03"]
[EventType "team-tourn"]
[EventCountry "GER"]
[SourceTitle "playchess.com"]
[Source "ChessBase"]
[SourceQuality "1"]
[TimeControl "40/5400+30:1800+30"]

{[%evp 12,54,6,21,32767,32767,32767,32767,32767,32767,57,48,72,54,82,23,55,-23,52,78,79,70,32767,32767,218,223,202,32767,410,32767,32767,382,339,275,298,252,290,32767,32767,32767,493,32767,657,497,770]} 1. Nf3 {[%emt 0:00:00]} c5 {[%emt 0:00:00]} 2. e4 {[%emt 0:00:00]} Nc6 {[%emt 0:00:00]} 3. Bb5 {[%emt 0:00:00]} g6 {[%emt 0:02:18]} 4. O-O {[%emt 0:00:05]} Bg7 {[%emt 0:00:12]} 5. Re1 {[%emt 0:00:10]} e5 {[%emt 0:03:04]} 6. b4 {[%emt 0:00:13]} cxb4 {[%emt 0:09:59]} 7. a3 {[%emt 0:01:35] LiveBook: 59 Games} Nge7 {[%emt 0:04:43]} 8. axb4 {[%emt 0:01:47]} O-O {[%emt 0:01:46]} 9. d3 {[%emt 0:03:37] B31: Sicilian: 2...Nc6 3 Bb5 g6} d6 {[%emt 0:03:46]} 10. c3 {[%emt 0:00:50]} h6 {[%emt 0:03:31]} 11. Bc4 {[%emt 0:10:39]} Kh7 {[%emt 0:04:47]} 12. Nbd2 {[%emt 0:07:13]} f5 {[%emt 0:02:27]} 13. Qb3 {[%emt 0:08:54]} (13. b5 $16 Na5 14. Ba3) 13... g5 {[%emt 0:16:24]} 14. h3 $146 {[%emt 0:15:00]} (14. b5 $14 Na5 15. Qb4 Nxc4 16. Nxc4) ({Predecessor:} 14. Nf1 f4 15. Qa2 Ng6 16. b5 Nce7 17. Ba3 g4 18. N3d2 Nh4 19. Be6 Neg6 20. Red1 Nxg2 21. Kxg2 Qh4 22. f3 Qh3+ 23. Kf2 Bxe6 {0-1 (23) Grund,H (2482)-Renner,C (2442) Germany 2000}) 14... Ng6 {[%emt 0:01:52]} ({Black should play} 14... g4 $11 15. hxg4 fxg4) 15. exf5 {[%emt 0:05:46]} Bxf5 {[%emt 0:01:34]} 16. Ne4 {[%emt 0:01:17]} Bf6 {[%emt 0:13:04]} 17. Be3 {[%emt 0:17:00]} Be7 {[%emt 0:11:56]} (17... Nce7 $16 {war einen Versuch wert.}) 18. Bd5 {[%emt 0:01:45]} Qd7 {[%emt 0:01:49]} 19. Ng3 {[%emt 0:02:07]} Bxh3 $2 {[%emt 0:02:56]} (19... Bxd3 20. c4 Bf5 21. Nxf5 Qxf5) 20. gxh3 {[%emt 0:00:52]} Qxh3 {[%emt 0:00:42]} 21. Be6 {[%emt 0:03:59]} g4 {[%emt 0:00:14]} 22. Nh2 {[%emt 0:00:32]} ({Nicht} 22. Bf5 Rxf5 23. Nxf5 Rf8 $15) 22... Nh4 {[%emt 0:02:36]} 23. Qd5 {[%emt 0:00:11]} Rf3 {[%emt 0:00:46]} 24. Qxf3 {[%emt 0:01:17]} Nxf3+ {[%emt 0:00:11]} 25. Nxf3 {[%emt 0:00:04]} h5 {[%emt 0:04:23]} (25... Rf8 $142) 26. Bg5 {[%emt 0:06:10]} Kg6 $2 {[%emt 0:00:51]} (26... Rf8) 27. b5 {[%emt 0:02:56]} Bxg5 $18 {[%emt 0:02:11]} (27... Rf8 $142) 28. Bf7+ {[%emt 0:00:22]} Kg7 {[%emt 0:00:57]} 29. Nxg5 {[%emt 0:00:10]} Qh4 {[%emt 0:00:06]} 30. Nf5+ {Kg6} 1-0

[Event "GER-chT Youth Countries 2018"]
[Site "Wurzburg"]
[Date "2018.10.07"]
[Round "7"]
[White "Nguyen, Alex Dac-Vuong"]
[Black "Wagner, Leopold Franziskus"]
[Result "1-0"]
[WhiteElo "2240"]
[BlackElo "1934"]
[Annotator "NA"]
[PlyCount "95"]
[EventDate "2018.10.03"]
[EventType "team-tourn"]
[EventCountry "GER"]
[SourceTitle "playchess.com"]
[Source "ChessBase"]
[SourceQuality "1"]
[TimeControl "40/5400+30:1800+30"]

{[%evp 18,92,0,0,12,0,1,0,41,37,45,20,31,4,33,26,27,2,64,9,27,0,0,8,17,2,14,-25,-19,-25,-5,-7,32767,32767,9,0,0,0,32767,32767,32767,32767,32767,32767,7,0,0,32767,0,0,32767,32767,32767,32767,32767,32767,32767,32767,6,32767,0,0,32767,32767,32767,0,359,32767,671,32767,32767,32767,32767,32767,29973,12844,12846]} 1. e4 {[%emt 0:00:00]} c6 {[%emt 0:00:00]} 2. d4 {[%emt 0:00:00]} d5 {[%emt 0:00:00]} 3. exd5 {[%emt 0:00:00]} cxd5 {[%emt 0:00:00]} 4. c4 {[%emt 0:00:00]} Nf6 {[%emt 0:00:04]} 5. Nc3 {[%emt 0:00:01]} Nc6 {[%emt 0:00:04]} 6. Bg5 {[%emt 0:00:08]} Ne4 {[%emt 0:00:28]} 7. cxd5 {[%emt 0:22:38]} Nxc3 {[%emt 0:01:43]} 8. bxc3 {[%emt 0:00:08]} Qxd5 {[%emt 0:00:05]} 9. Bf4 {[%emt 0:05:27]} g6 {[%emt 0:06:15]} 10. Nf3 {[%emt 0:01:22]} Bg7 {[%emt 0:04:12]} 11. Be2 {[%emt 0:01:58]} O-O {[%emt 0:02:24]} 12. O-O {[%emt 0:00:38] LiveBook: 3 Games} Bg4 $146 {[%emt 0:03:32] D91: Grünfeld: 4 Nf3 Bg7 5 Bg5} ({Predecessor:} 12... Qa5 13. Qb3 e5 14. Nxe5 Nxe5 15. Bxe5 Bxe5 16. dxe5 Qxe5 17. Bf3 Be6 18. Qxb7 Qxc3 19. Qxa8 Rxa8 20. Bxa8 {1-0 (46) Prohaszka,P (2599)-Bromberger,S (2526) Austria 2015}) 13. Re1 {[%emt 0:05:43]} Na5 {[%emt 0:00:43]} 14. Qa4 {[%emt 0:06:21]} Rac8 {[%emt 0:01:43]} 15. Rab1 {[%emt 0:03:33]} Bd7 {[%emt 0:07:00]} 16. Qb4 {[%emt 0:00:27]} e6 {[%emt 0:01:26]} 17. Ne5 {[%emt 0:09:11]} Bxe5 {[%emt 0:06:31]} ({Better is} 17... Nc6 $11 18. Qxb7 Bxe5 19. dxe5 Rb8 $11) 18. Bxe5 {[%emt 0:09:10]} Nc6 {[%emt 0:01:19]} 19. Qxb7 Nxe5 {[%emt 0:00:11]} 20. Qxd5 $1 {[%emt 0:00:32]} ({Wrong is} 20. dxe5 $2 Bc6 $19) 20... exd5 {[%emt 0:00:06]} 21. dxe5 {[%emt 0:00:05]} Rxc3 {[%emt 0:00:15]} 22. Rbd1 {[%emt 0:16:14]} Be6 {[%emt 0:00:16]} 23. Rd2 {[%emt 0:00:06]} Rfc8 {[%emt 0:00:18]} 24. Bd1 {[%emt 0:04:07]} a5 {[%emt 0:02:47]} 25. Bb3 {[%emt 0:00:14]} Kf8 {[%emt 0:02:35]} 26. Red1 {[%emt 0:03:58]} ({Not} 26. Bxd5 $2 Rd8 $19) 26... Rc1 {[%emt 0:02:38]} 27. Kf1 {[%emt 0:00:22]} Rxd1+ {[%emt 0:00:11]} 28. Rxd1 {[%emt 0:00:05]} Rc5 {[%emt 0:03:06]} 29. Rd4 {[%emt 0:03:05]} Ke7 {[%emt 0:00:40]} 30. f4 {[%emt 0:03:50]} Rc1+ {[%emt 0:06:03]} 31. Kf2 {[%emt 0:00:28]} f6 {[%emt 0:01:35]} 32. Ra4 {[%emt 0:02:44]} Rc5 {[%emt 0:00:21]} 33. Ke3 {[%emt 0:00:40]} fxe5 {[%emt 0:01:12]} 34. fxe5 {[%emt 0:00:03]} Kd7 {[%emt 0:01:08]} 35. Rh4 {[%emt 0:01:09]} h5 {[%emt 0:00:33]} 36. Rd4 {[%emt 0:00:04]} Ke7 {[%emt 0:04:29]} 37. h4 {[%emt 0:00:38]} Kf7 {[%emt 0:00:26]} 38. Rf4+ {[%emt 0:02:13]} Ke7 {[%emt 0:00:29]} 39. Rd4 {[%emt 0:00:03]} Rb5 {[%emt 0:01:59]} 40. g3 {[%emt 0:01:19]} Bg8 {[%emt 0:01:40]} 41. Kf4 {[%emt 0:07:52]} Ke6 $2 {[%emt 0:01:15]} (41... Bf7 $11) 42. Rxd5 {[%emt 0:01:27]} Rxd5 {[%emt 0:00:18]} (42... g5+ $142 43. Ke4 Bh7+ 44. Kd4 Rxd5+ 45. Bxd5+ Ke7 46. hxg5 Bb1) 43. Ke4 {[%emt 0:00:05]} Bh7 {[%emt 0:02:46]} 44. Bxd5+ {[%emt 0:00:15]} Ke7 {[%emt 0:00:04]} 45. Kf4 {[%emt 0:00:12]} Kf8 {[%emt 0:03:16]} 46. Kg5 {[%emt 0:00:14]} Kg7 $18 {[%emt 0:00:05]} 47. a3 {[%emt 0:00:06]} a4 {[%emt 0:00:07]} 48. Bc4 {[%emt 0:00:04]} 1-0

[Event "GER-chT Youth Countries 2018"]
[Site "Wurzburg"]
[Date "2018.10.07"]
[Round "7"]
[White "Hartge, Gedeon"]
[Black "Schulze, Lara"]
[Result "1/2-1/2"]
[WhiteElo "2214"]
[BlackElo "2122"]
[Annotator "NA"]
[PlyCount "81"]
[EventDate "2018.10.03"]
[EventType "team-tourn"]
[EventCountry "GER"]
[SourceTitle "playchess.com"]
[Source "ChessBase"]
[SourceQuality "1"]
[TimeControl "40/5400+30:1800+30"]

{[%evp 28,80,51,0,49,6,31,30,64,96,112,106,139,143,146,125,171,159,189,168,166,32767,32767,167,177,8,7,32767,10,32767,32767,0,32767,32767,3,1,27,32767,32767,32767,32767,0,32767,1,8,6,8,0,0,0,32767,32767,32767,8,16]} 1. d4 {[%emt 0:00:00]} Nf6 {[%emt 0:00:00]} 2. c4 {[%emt 0:00:00]} e6 {[%emt 0:00:00]} 3. Nc3 {[%emt 0:00:00]} Bb4 {[%emt 0:00:00]} 4. e3 {[%emt 0:00:00]} O-O {[%emt 0:00:00]} 5. Bd3 {[%emt 0:00:09]} d5 {[%emt 0:00:00]} 6. a3 {[%emt 0:00:05]} Bxc3+ {[%emt 0:01:30]} 7. bxc3 {[%emt 0:00:06]} c5 {[%emt 0:01:08]} 8. cxd5 {[%emt 0:00:42]} exd5 {[%emt 0:00:35]} 9. Ne2 {[%emt 0:00:05]} b6 {[%emt 0:02:36]} 10. O-O {[%emt 0:00:12]} Ba6 {[%emt 0:01:22]} 11. f3 {[%emt 0:01:36]} Bxd3 {[%emt 0:06:02]} 12. Qxd3 {[%emt 0:00:06]} Re8 {[%emt 0:00:21]} 13. Ng3 {[%emt 0:01:01]} Nc6 {[%emt 0:04:52]} 14. Bb2 {[%emt 0:02:21]} h5 {[%emt 0:19:56] E49: Nimzo-Indian: Rubinstein: 5 Bd3 d5 6 a3 Bxc3+ 7 bxc3} 15. Rae1 {[%emt 0:04:34] LiveBook: 21 Games} g6 {[%emt 0:06:20]} 16. Nh1 {[%emt 0:10:29] [#]} Qc7 $146 {[%emt 0:08:37]} ({Predecessor:} 16... Rc8 17. Nf2 Qc7 18. Re2 cxd4 19. cxd4 Nd8 20. Rc1 Qd7 21. Rxc8 Qxc8 22. e4 {1-0 (53) Berkes,F (2668)-Kovacevic,A (2512) Hungary 2014}) 17. e4 {[%emt 0:11:24]} dxe4 {[%emt 0:02:40]} 18. fxe4 {[%emt 0:00:54]} Ng4 {[%emt 0:00:18] [#]} 19. e5 $1 {[%emt 0:00:38]} Rad8 {[%emt 0:01:47] [#]} 20. Qg3 $1 {[%emt 0:07:20]} cxd4 {[%emt 0:10:17]} 21. cxd4 {[%emt 0:00:13]} Nxd4 {[%emt 0:03:11]} (21... Kh7 $16) 22. Bxd4 {[%emt 0:00:29]} Rxd4 {[%emt 0:02:48]} 23. e6 $1 {[%emt 0:00:01]} Qxg3 {[%emt 0:03:32]} ({Don't go for} 23... Re7 $2 24. Qxc7 Rxc7 25. e7 $18) 24. exf7+ {[%emt 0:00:06]} Kh7 {[%emt 0:00:11]} 25. Nxg3 {[%emt 0:01:13]} ({Worse is} 25. hxg3 Rf8 $17) 25... Rf8 {[%emt 0:00:07]} 26. Re7 {[%emt 0:12:12]} (26. h3 $16) 26... Kg7 $1 {[%emt 0:06:11]} 27. Rxa7 {[%emt 0:18:11]} Nh6 {[%emt 0:03:51]} 28. Rb7 {[%emt 0:13:49]} Rxf7 {[%emt 0:00:56]} 29. Rfxf7+ {[%emt 0:00:17]} Nxf7 {[%emt 0:00:02]} 30. Rxb6 {[%emt 0:00:22]} Ne5 {[%emt 0:03:47]} 31. Rb1 {[%emt 0:08:14]} h4 {[%emt 0:03:19]} 32. Nf1 {[%emt 0:01:06]} h3 {[%emt 0:05:11]} 33. Rb7+ {[%emt 0:04:19]} Kh6 {[%emt 0:01:20]} 34. Ra7 {[%emt 0:00:30]} Rg4 {[%emt 0:02:13]} 35. Ng3 {[%emt 0:02:12]} hxg2 {[%emt 0:01:00]} 36. Kxg2 {[%emt 0:00:05]} Rc4 {[%emt 0:00:15]} 37. Nf1 {[%emt 0:02:18]} Rg4+ {[%emt 0:01:01]} 38. Ng3 {[%emt 0:00:16]} Rc4 {[%emt 0:00:09]} 39. Nf1 {[%emt 0:01:01]} Rg4+ {[%emt 0:00:05]} 40. Kf2 {[%emt 0:00:52]} Rf4+ $11 {[%emt 0:01:09]} 41. Kg2 {[%emt 0:05:10]} 1/2-1/2

[Event "GER-chT Youth Countries 2018"]
[Site "Wurzburg"]
[Date "2018.10.07"]
[Round "7"]
[White "Degenhard, Simon"]
[Black "Riehle, Marco"]
[Result "0-1"]
[WhiteElo "2207"]
[BlackElo "2265"]
[Annotator "NA"]
[PlyCount "110"]
[EventDate "2018.10.03"]
[EventType "team-tourn"]
[EventCountry "GER"]
[SourceTitle "playchess.com"]
[Source "ChessBase"]
[SourceQuality "1"]
[TimeControl "40/5400+30:1800+30"]

{[%evp 8,106,37,38,22,26,22,27,36,13,22,33,29,22,32767,32767,32767,32767,-22,-31,0,-21,0,-56,31,31,57,50,72,52,154,178,237,60,60,58,32767,32767,16,22,4,10,15,20,32767,32767,0,0,0,0,32767,-61,-19,-65,32767,0,32767,-22,32767,-37,-12,-30,32767,32767,32767,32767,-11,-10,-8,0,32767,32767,-25,-45,-41,-32,32767,-150,-223,-265,-216,-290,32767,32767,32767,-1808,32767,-4133,-5097,32767,-5126,-29979,32767,32767,32767,32767,32767,-29991,-29992,-29994,-29995]} 1. Nf3 {[%emt 0:00:00]} Nf6 {[%emt 0:00:28]} 2. d4 {[%emt 0:00:00]} d5 {[%emt 0:00:44]} 3. c4 {[%emt 0:00:00]} e6 {[%emt 0:00:08]} 4. Nc3 {[%emt 0:00:01]} c5 {[%emt 0:01:40]} 5. cxd5 {[%emt 0:00:22]} Nxd5 {[%emt 0:01:26]} 6. g3 {[%emt 0:00:19]} Nc6 {[%emt 0:05:48]} 7. Bg2 {[%emt 0:00:32]} Be7 {[%emt 0:01:43]} 8. O-O {[%emt 0:00:36] LiveBook: 729 Games} O-O {[%emt 0:00:42]} 9. e4 {[%emt 0:00:13]} Nxc3 {[%emt 0:03:27]} 10. bxc3 {[%emt 0:00:07]} b6 {[%emt 0:03:43]} 11. Bb2 {[%emt 0:07:06] D41: Queen's Gambit Declined: Semi-Tarrasch with 5 cxd5} (11. d5 Na5 12. Qc2 exd5 13. exd5 Nc4 14. Bf4 Nd6 15. Ne5 Bf5 16. Qc1 Bf6 17. Re1 h6 18. h4 Re8 19. g4 {½-½ (73) Neef,M (2453)-Jakubowski,K (2529) Germany 2018}) 11... Bb7 12. Rc1 $146 {[%emt 0:01:18]} ({Predecessor:} 12. Qe2 cxd4 13. cxd4 Rc8 14. Rad1 Nb4 15. a3 Ba6 16. Qe3 Bxf1 17. Bxf1 Nc6 18. Ba6 Rc7 {1-0 (71) Kahlert,T (2192)-Simon,M (1985) Nuremberg 2006}) 12... Na5 {[%emt 0:04:55]} 13. Qd3 {[%emt 0:05:34]} b5 {[%emt 0:10:11]} 14. Nd2 {[%emt 0:07:07]} a6 {[%emt 0:02:53]} 15. f4 {[%emt 0:02:02]} (15. Qe3 $11) 15... c4 {[%emt 0:08:00]} ({Black should try} 15... Qb6 $15) 16. Qe2 {[%emt 0:02:09]} f5 {[%emt 0:04:30]} 17. Rce1 {[%emt 0:03:45]} Bd6 {[%emt 0:05:38]} 18. g4 {[%emt 0:08:32]} fxe4 {[%emt 0:05:13]} ({Better is} 18... Qd7 $14) 19. Nxe4 {[%emt 0:04:32]} Bxf4 {[%emt 0:04:41] [#]} (19... Rxf4 $142 20. Nxd6 Rxf1+ 21. Bxf1 (21. Rxf1 Qxd6 22. Bxb7 Nxb7 $11) 21... Qxd6) 20. Nc5 $2 {[%emt 0:02:18]} ({White must play} 20. Ba3 $1 $18 {[%cal Ra3f8]} Qh4 21. Ng3 Bxg3 22. Rxf8+ Rxf8 23. hxg3 Qxg3 24. Bxf8 Kxf8 25. Qf2+ Qxf2+ 26. Kxf2) 20... Bxg2 {[%emt 0:02:00]} 21. Qxg2 {[%emt 0:00:11]} Qd6 {[%emt 0:00:53]} 22. Rxf4 {[%emt 0:11:11]} Qxf4 {[%emt 0:00:51]} 23. Nxe6 {[%emt 0:00:11]} Qd6 {[%emt 0:02:20]} 24. Nxf8 {[%emt 0:00:33]} Rxf8 {[%emt 0:00:02]} 25. Qe4 {[%emt 0:07:43]} Kh8 {[%emt 0:01:59]} 26. Rf1 {[%emt 0:05:18]} Rxf1+ {[%emt 0:01:51]} 27. Kxf1 {[%emt 0:00:01]} h6 {[%emt 0:00:16]} 28. Kg2 {[%emt 0:01:13]} Nc6 {[%emt 0:02:02]} 29. Bc1 {[%emt 0:01:20]} ({White should try} 29. Ba3 $11 Qxa3 30. Qe8+ Kh7 31. Qe4+ g6 32. Qxc6) 29... Ne7 {[%emt 0:01:25]} 30. Qa8+ {[%emt 0:04:32]} Kh7 {[%emt 0:00:59]} 31. Qe4+ {[%emt 0:02:34]} Kg8 {[%emt 0:02:35]} 32. Bf4 {[%emt 0:05:48]} Qd5 {[%emt 0:00:36]} 33. Kf3 {[%emt 0:01:21]} Kf7 {[%emt 0:00:40]} 34. Ke3 {[%emt 0:00:17]} Qxe4+ {[%emt 0:03:12]} 35. Kxe4 {[%emt 0:00:13]} Ke6 {[%emt 0:00:00]} 36. h4 {[%emt 0:04:01]} Nd5 {[%emt 0:01:53]} 37. Bd2 {[%emt 0:00:02]} Nf6+ {[%emt 0:00:47]} 38. Kf4 {[%emt 0:04:44]} Kd5 {[%emt 0:01:23]} 39. a3 {[%emt 0:10:22]} Ne4 {[%emt 0:01:56]} 40. Be1 $1 {[%emt 0:00:01]} g6 {[%emt 0:00:17]} 41. Kf3 {[%emt 0:06:30]} a5 {[%emt 0:02:50]} 42. Ke3 {[%emt 0:07:49]} (42. h5 $15 g5 43. Ke2) 42... a4 {[%emt 0:01:59]} 43. Bd2 {[%emt 0:01:40]} h5 {[%emt 0:01:56]} 44. gxh5 {[%emt 0:02:54]} gxh5 {[%emt 0:01:27]} 45. Be1 {[%emt 0:00:08]} Nd6 {[%emt 0:00:15]} 46. Bf2 $2 {[%emt 0:03:58] [#]} (46. Kd2 Ke4 47. Bg3) 46... b4 $1 {[%emt 0:01:15]} 47. cxb4 {[%emt 0:01:17]} Nb5 {[%emt 0:00:04]} 48. Kd2 {[%emt 0:04:14]} Nxa3 {[%emt 0:02:00]} 49. Kc3 {[%emt 0:00:11]} Nb5+ {[%emt 0:00:04]} 50. Kb2 {[%emt 0:00:13]} c3+ {[%emt 0:00:04]} 51. Kc2 {[%emt 0:00:27]} Kc4 {[%emt 0:00:04]} 52. d5 {[%emt 0:01:20]} a3 {[%emt 0:00:05]} 53. d6 {[%emt 0:00:31]} a2 {[%emt 0:00:04]} 54. d7 {[%emt 0:00:15]} a1=Q {[%emt 0:00:11]} 55. d8=Q {[%emt 0:00:05]} Na3# 0-1

[Event "GER-chT Youth Countries 2018"]
[Site "Wurzburg"]
[Date "2018.10.07"]
[Round "7"]
[White "Leeb, Simon"]
[Black "Muckle, Julius"]
[Result "1-0"]
[WhiteElo "2203"]
[BlackElo "2348"]
[Annotator "ChessBase"]
[PlyCount "83"]
[EventDate "2018.10.03"]
[EventType "team-tourn"]
[EventCountry "GER"]
[SourceTitle "playchess.com"]
[Source "ChessBase"]
[SourceQuality "1"]
[TimeControl "40/5400+30:1800+30"]

1. d4 {[%emt 0:00:00]} d5 {[%emt 0:00:00]} 2. c4 {[%emt 0:00:00]} c6 {[%emt 0:00:00]} 3. Nf3 {[%emt 0:00:00]} Nf6 {[%emt 0:00:00]} 4. e3 {[%emt 0:00:00]} Bg4 {[%emt 0:04:08]} 5. Nc3 {[%emt 0:04:44]} e6 {[%emt 0:02:46]} 6. h3 {[%emt 0:00:58]} Bh5 {[%emt 0:00:33]} 7. g4 {[%emt 0:01:07]} Bg6 {[%emt 0:02:46]} 8. Nh4 {[%emt 0:00:33]} dxc4 {[%emt 0:05:17]} 9. Bxc4 {[%emt 0:03:22]} Nbd7 {[%emt 0:04:16]} 10. Qb3 {[%emt 0:04:21]} Be4 {[%emt 0:16:12]} 11. Rg1 {[%emt 0:13:29]} b5 {[%emt 0:31:03]} 12. Be2 {[%emt 0:09:18]} Nd5 {[%emt 0:07:55]} 13. Nxe4 {[%emt 0:04:41]} Qxh4 {[%emt 0:00:41]} 14. Bd2 {[%emt 0:00:40]} Be7 {[%emt 0:03:47]} 15. Rc1 {[%emt 0:02:54]} O-O {[%emt 0:02:54]} 16. Rxc6 {[%emt 0:02:02]} Rac8 {[%emt 0:11:51]} 17. Rxc8 {[%emt 0:12:19]} Rxc8 {[%emt 0:00:02]} 18. Ng3 {[%emt 0:00:08]} a6 {[%emt 0:02:14]} 19. Nf5 {[%emt 0:02:03]} Qxh3 {[%emt 0:00:17]} 20. Ng3 {[%emt 0:02:54]} Bd6 {[%emt 0:02:43]} 21. e4 {[%emt 0:04:21]} Bxg3 22. exd5 {[%emt 0:00:39]} Bxf2+ {[%emt 0:01:00]} 23. Kxf2 {[%emt 0:00:05]} Qh4+ {[%emt 0:00:28]} 24. Qg3 {[%emt 0:01:18]} Qf6+ {[%emt 0:00:06]} 25. Qf4 {[%emt 0:00:20]} Qh4+ {[%emt 0:00:59]} 26. Kg2 {[%emt 0:01:59]} exd5 27. Bd3 {[%emt 0:01:20]} g6 {[%emt 0:01:00]} 28. Rh1 {[%emt 0:02:55]} Qe7 {[%emt 0:00:21]} 29. a3 {[%emt 0:02:50]} f6 {[%emt 0:00:40]} 30. Re1 {[%emt 0:01:36]} Qf7 {[%emt 0:00:28]} 31. Qd6 {[%emt 0:01:44]} Re8 {[%emt 0:00:26]} 32. Rxe8+ {[%emt 0:00:42]} Qxe8 {[%emt 0:00:01]} 33. Qxd5+ {[%emt 0:00:09]} Kg7 {[%emt 0:00:44]} 34. a4 {[%emt 0:01:18]} Nf8 {[%emt 0:00:51]} 35. axb5 {[%emt 0:00:34]} axb5 {[%emt 0:00:05]} 36. Bxb5 {[%emt 0:00:24]} Qc8 {[%emt 0:00:05]} 37. Qe4 {[%emt 0:02:54]} Ne6 {[%emt 0:00:20]} 38. d5 {[%emt 0:01:57]} Nd8 {[%emt 0:00:21]} 39. Be8 {[%emt 0:01:30]} Qc7 {[%emt 0:01:31]} 40. Bb4 {[%emt 0:00:45]} Qb6 {[%emt 0:00:38]} 41. Qe7+ {[%emt 0:30:42]} Kh6 {[%emt 0:30:11]} 42. Bd2+ 1-0

[Event "GER-chT Youth Countries 2018"]
[Site "Wurzburg"]
[Date "2018.10.07"]
[Round "7"]
[White "Nguyen, Huy Dat"]
[Black "Kololli, Martin"]
[Result "1-0"]
[WhiteElo "2194"]
[BlackElo "2331"]
[Annotator "ChessBase"]
[PlyCount "55"]
[EventDate "2018.10.03"]
[EventType "team-tourn"]
[EventCountry "GER"]
[SourceTitle "playchess.com"]
[Source "ChessBase"]
[SourceQuality "1"]
[TimeControl "40/5400+30:1800+30"]

1. e4 {[%emt 0:00:00]} e5 {[%emt 0:00:00]} 2. f4 {[%emt 0:00:00]} d6 {[%emt 0:04:12]} 3. Bc4 {[%emt 0:01:18]} Nf6 {[%emt 0:01:02]} 4. Nc3 {[%emt 0:03:25]} Nc6 {[%emt 0:22:35]} 5. Nf3 {[%emt 0:05:15]} Be7 {[%emt 0:02:03]} 6. d4 {[%emt 0:17:37]} exd4 {[%emt 0:07:14]} 7. Nxd4 {[%emt 0:00:04]} O-O {[%emt 0:01:06]} 8. O-O {[%emt 0:04:50]} d5 {[%emt 0:25:13]} 9. Nxc6 {[%emt 0:04:19]} bxc6 {[%emt 0:01:02]} 10. exd5 {[%emt 0:01:57]} Bc5+ {[%emt 0:02:38]} 11. Kh1 {[%emt 0:00:04]} Ng4 {[%emt 0:00:42]} 12. Ne4 {[%emt 0:04:21]} Bb6 {[%emt 0:07:02]} 13. f5 {[%emt 0:04:21]} Qh4 {[%emt 0:02:58]} 14. Bf4 {[%emt 0:00:52]} Nf2+ {[%emt 0:04:32]} 15. Rxf2 {[%emt 0:00:36]} Bxf2 {[%emt 0:00:17]} 16. Qf3 {[%emt 0:00:25]} Bxf5 {[%emt 0:02:55]} 17. Nxf2 {[%emt 0:00:46]} Bxc2 {[%emt 0:01:04]} 18. Rc1 {[%emt 0:01:59]} Qe7 {[%emt 0:03:12]} 19. h3 {[%emt 0:02:07]} Bg6 {[%emt 0:00:33]} 20. dxc6 {[%emt 0:00:28]} Rfe8 {[%emt 0:00:46]} 21. Qg3 {[%emt 0:01:37]} Qf6 {[%emt 0:01:50]} 22. b3 {[%emt 0:07:16]} Rad8 {[%emt 0:01:01]} 23. Bxc7 {[%emt 0:02:28]} Rc8 {[%emt 0:01:39]} 24. Ng4 {[%emt 0:01:51]} Qb2 {[%emt 0:01:18]} 25. Rf1 {[%emt 0:01:17]} Qxa2 {[%emt 0:02:11]} 26. Bxf7+ {[%emt 0:07:56]} Bxf7 {[%emt 0:00:22]} 27. Nh6+ {[%emt 0:00:06]} Kf8 {[%emt 0:01:17]} 28. Rxf7# 1-0

[Event "GER-chT Youth Countries 2018"]
[Site "Wurzburg"]
[Date "2018.10.07"]
[Round "7"]
[White "Schmider, Niklas"]
[Black "Krastev, Alexander"]
[Result "0-1"]
[WhiteElo "2190"]
[BlackElo "2298"]
[Annotator "NA"]
[PlyCount "70"]
[EventDate "2018.10.03"]
[EventType "team-tourn"]
[EventCountry "GER"]
[SourceTitle "playchess.com"]
[Source "ChessBase"]
[SourceQuality "1"]
[TimeControl "40/5400+30:1800+30"]

{[%evp 8,69,23,20,32767,32767,32767,32767,32767,32767,32767,32767,32767,-15,-7,-4,0,-8,-11,-5,0,-33,-29,-25,-22,-77,-54,-121,-110,-103,-90,32767,-158,-159,32767,-139,32767,-158,-152,-145,-141,-206,-185,32767,32767,-194,-190,32767,32767,-199,-189,32767,-202,32767,32767,32767,32767,32767,32767,-234,-227,32767,32767,-324]} 1. e4 {[%emt 0:00:00]} e5 {[%emt 0:00:00]} 2. Nf3 {[%emt 0:00:00]} Nc6 {[%emt 0:00:00]} 3. Bb5 {[%emt 0:00:00]} a6 {[%emt 0:00:00]} 4. Ba4 {[%emt 0:00:01]} Nf6 {[%emt 0:00:00]} 5. d3 {[%emt 0:00:07]} b5 {[%emt 0:00:11]} 6. Bb3 {[%emt 0:00:04]} Bc5 {[%emt 0:00:07]} 7. Nc3 {[%emt 0:00:41]} d6 {[%emt 0:01:53] C77: Ruy Lopez: 3...a6 4 Ba4 Nf6, unusual lines} 8. Nd5 {[%emt 0:00:09]} h6 {[%emt 0:00:21]} 9. c3 {[%emt 0:00:14]} (9. O-O O-O 10. Be3 Bxe3 11. fxe3 Na5 12. Nxf6+ Qxf6 13. Bd5 c6 14. Nd4 Qg5 15. Nxc6 Nxc6 16. Bxc6 Qxe3+ {½-½ (32) Anand,V (2760)-Mamedyarov,S (2808) Stavanger 2018}) 9... Be6 {[%emt 0:00:36]} 10. O-O {[%emt 0:08:48]} Bxd5 {[%emt 0:00:40]} 11. exd5 {[%emt 0:00:45]} Ne7 {[%emt 0:00:05]} 12. d4 {[%emt 0:04:32] LiveBook: 13 Games} exd4 {[%emt 0:00:06]} 13. Nxd4 {[%emt 0:00:05]} Qd7 {[%emt 0:00:04] [#]} 14. Be3 $146 {[%emt 0:31:52]} ({Predecessor:} 14. Ne2 O-O 15. a4 {½-½ (38) Kasimdzhanov,R (2676)-Fressinet,L (2657) Douglas 2017}) 14... O-O {[%emt 0:32:59]} 15. Nc2 {[%emt 0:10:07]} Nf5 {[%emt 0:04:30]} 16. Bf4 {[%emt 0:02:23]} (16. Bd4 $11 Bxd4 17. Nxd4) 16... Rae8 {[%emt 0:02:01]} 17. Qf3 {[%emt 0:03:30]} ({White should play} 17. Re1 $15) 17... Re4 {[%emt 0:16:54]} 18. Rae1 {[%emt 0:07:15]} Rfe8 {[%emt 0:00:32]} ({Better is} 18... Nh4 19. Qg3 g5 20. Bxg5 Nh5 21. Qxh4 Rxh4 22. Bxh4 Qg4) 19. g3 {[%emt 0:10:52] [#]} Nh4 $1 {[%emt 0:09:10]} 20. gxh4 {[%emt 0:02:34]} Qf5 {[%emt 0:00:17]} 21. Rxe4 {[%emt 0:01:26]} Rxe4 {[%emt 0:00:13]} 22. Ne3 {[%emt 0:00:57]} Qxf4 {[%emt 0:00:11]} 23. Qxf4 {[%emt 0:00:58]} Rxf4 {[%emt 0:00:05]} 24. Re1 {[%emt 0:05:07]} Rxh4 {[%emt 0:04:53]} 25. Ng2 {[%emt 0:02:11]} Rh5 {[%emt 0:03:33]} 26. Nf4 {[%emt 0:02:00]} Rf5 {[%emt 0:00:16]} 27. Nd3 {[%emt 0:00:07]} Bb6 {[%emt 0:00:07]} 28. c4 {[%emt 0:02:36]} Ng4 {[%emt 0:09:26]} 29. Re2 {[%emt 0:01:35]} Kf8 {[%emt 0:05:29]} 30. cxb5 {[%emt 0:01:50]} axb5 {[%emt 0:00:07]} 31. a4 {[%emt 0:00:27]} bxa4 {[%emt 0:00:31]} 32. Bxa4 {[%emt 0:00:06]} Nf6 {[%emt 0:00:22]} 33. Bc6 {[%emt 0:00:16]} g6 {[%emt 0:01:05]} 34. Nb4 {[%emt 0:00:27]} Rf4 {[%emt 0:00:30]} 35. Nc2 $19 {[%emt 0:01:46]} Ne4 {[%emt 0:00:51]} 0-1